Land tenure and natural resource management : (Record no. 11318)

000 -LEADER
fixed length control field 01082cam a22003014a 4500
020 ## - INTERNATIONAL STANDARD BOOK NUMBER
ISBN 0801867460 (cloth : alk. paper)
020 ## - INTERNATIONAL STANDARD BOOK NUMBER
ISBN 0801867479 (pbk. : alk. paper)
040 ## - CATALOGING SOURCE
Transcribing agency DLC
082 00 - DEWEY DECIMAL CLASSIFICATION NUMBER
Classification number 333 JOH 2001
245 00 - TITLE STATEMENT
Title Land tenure and natural resource management :
Remainder of title a comparative study of agrarian communities in Asia and Africa /
260 ## - PUBLICATION, DISTRIBUTION, ETC. (IMPRINT)
Place of publication Baltimore, MD :
Name of publisher Johns Hopkins University Press,
Year of publication 2001.
300 ## - PHYSICAL DESCRIPTION
Number of Pages xxiii, 389 p. :
Other physical details ill., maps ;
Dimensions 24 cm.
500 ## - GENERAL NOTE
General note "Published for the International Food Policy Research Institute."
650 #0 - SUBJECT ADDED ENTRY--TOPICAL TERM
Topical Term Land tenure
650 #0 - SUBJECT ADDED ENTRY--TOPICAL TERM
Topical Term Land tenure
650 #0 - SUBJECT ADDED ENTRY--TOPICAL TERM
Topical Term Land use, Rural
650 #0 - SUBJECT ADDED ENTRY--TOPICAL TERM
Topical Term Land use, Rural
650 #0 - SUBJECT ADDED ENTRY--TOPICAL TERM
Topical Term Forest management
650 #0 - SUBJECT ADDED ENTRY--TOPICAL TERM
Topical Term Forest management
650 #0 - SUBJECT ADDED ENTRY--TOPICAL TERM
Topical Term Natural resources
650 #0 - SUBJECT ADDED ENTRY--TOPICAL TERM
Topical Term Natural resources
700 1# - ADDED ENTRY--PERSONAL NAME
Personal name Otsuka, Keijiro.
700 1# - ADDED ENTRY--PERSONAL NAME
Personal name Place, Frank,
710 2# - ADDED ENTRY--CORPORATE NAME
Corporate name or jurisdiction name as entry element International Food Policy Research Institute.
856 42 - ELECTRONIC LOCATION AND ACCESS
Uniform Resource Identifier http://www.loc.gov/catdir/bios/jhu051/2001029330.html
856 42 - ELECTRONIC LOCATION AND ACCESS
Uniform Resource Identifier http://www.loc.gov/catdir/description/jhu051/2001029330.html
942 ## - ADDED ENTRY ELEMENTS (KOHA)
Koha item type សៀវភៅភាសាអង់គ្លេស
952 ## - LOCATION AND ITEM INFORMATION (KOHA)
Withdrawn status [LOCAL, KOHA] 0
952 ## - LOCATION AND ITEM INFORMATION (KOHA)
Withdrawn status [LOCAL, KOHA] 0
952 ## - LOCATION AND ITEM INFORMATION (KOHA)
Withdrawn status [LOCAL, KOHA] 0
Holdings
Permanent Location Date acquired Koha item type Lost status Shelving location Barcode Current Location Full call number
Library Block A2017-08-01សៀវភៅភាសាអង់គ្លេស A015A10506Library Block A333 JOH 2001 A015 Or.
Library Block A2017-08-01សៀវភៅភាសាអង់គ្លេស A015A09828Library Block A333 FOO 2003 A015 Or.
Library Block A2017-08-04សៀវភៅភាសាអង់គ្លេស A016A11210Library Block A333 JOH 2001 A016 Or.
មជ្ឈមណ្ឌលឯការនៃសាកលវិទ្យាល័យភូមិន្ទកសិកម្មចំការដូង

Powered by Koha